Council Tax (Prescribed Classes of Dwellings) (England) Regulations 2003 (Record no. 103261)
[ view plain ]
| 000 -LEADER | |
|---|---|
| fixed length control field | 01371cad a22002295a 4500 |
| 001 - CONTROL NUMBER | |
| control field | L124640 |
| 008 - FIXED-LENGTH DATA ELEMENTS--GENERAL INFORMATION | |
| fixed length control field | 031218s2003 xxk l 000 0 eng u |
| 020 ## - INTERNATIONAL STANDARD BOOK NUMBER | |
| International Standard Book Number | 0110482069 |
| 035 ## - SYSTEM CONTROL NUMBER | |
| System control number | (Sirsi) u124640 |
| 041 ## - LANGUAGE CODE | |
| Language code of text/sound track or separate title | eng |
| 245 ## - TITLE STATEMENT | |
| Title | Council Tax (Prescribed Classes of Dwellings) (England) Regulations 2003 |
| Medium | [electronic resource] |
| 260 ## - PUBLICATION, DISTRIBUTION, ETC. | |
| Place of publication, distribution, etc. | London |
| Name of publisher, distributor, etc. | HMSO |
| Date of publication, distribution, etc. | 2003 |
| 490 ## - SERIES STATEMENT | |
| Series statement | SI |
| Volume/sequential designation | 2003:3011 |
| 520 ## - SUMMARY, ETC. | |
| Summary, etc. | These regulations come into force on 18 December 2003. Prescribe three classes of dwellings for the purposes of the Local Government Finance Act 1992 s11A with regard to the discount of second and empty homes for council tax purposes. Class A relates to chargeable dwellings which are unoccupied and furnished and whose occupation is restricted by a planning condition such as holiday homes or chalets. Class B relates to chargeable dwellings which are unoccupied and not restricted by a planning condition and Class C relates to long term empty homes. View at www.hmso.gov.uk. |
| 650 ## - SUBJECT ADDED ENTRY--TOPICAL TERM | |
| Topical term or geographic name entry element | COUNCIL TAX (PRESCRIBED CLASSES OF DWELLINGS) (ENGLAND) REGULATIONS 2003 |
| 650 ## - SUBJECT ADDED ENTRY--TOPICAL TERM | |
| Topical term or geographic name entry element | LOCAL GOVERNMENT FINANCE ACT 1992 S11A |
| 650 ## - SUBJECT ADDED ENTRY--TOPICAL TERM | |
| Topical term or geographic name entry element | COUNCIL TAX |
| 650 ## - SUBJECT ADDED ENTRY--TOPICAL TERM | |
| Topical term or geographic name entry element | SECOND HOMES |
| 690 ## - LOCAL SUBJECT ADDED ENTRY--TOPICAL TERM (OCLC, RLIN) | |
| Topical term or geographic name as entry element | RATING AND LOCAL TAXATION |
| 856 40 - ELECTRONIC LOCATION AND ACCESS | |
| Uniform Resource Identifier | <a href="https://www.legislation.gov.uk/uksi/2003/3011/contents/made">https://www.legislation.gov.uk/uksi/2003/3011/contents/made</a> |
| Public note | View the SI free of charge at www.legislation.gov.uk |
| 942 ## - ADDED ENTRY ELEMENTS (KOHA) | |
| Suppress in OPAC | 0 |
| Withdrawn status | Lost status | Source of classification or shelving scheme | Damaged status | Not for loan | Home library | Current library | Shelving location | Date acquired | Total Checkouts | Full call number | Barcode | Date last seen | Copy number | Price effective from | Koha item type |
|---|---|---|---|---|---|---|---|---|---|---|---|---|---|---|---|
| Dewey Decimal Classification | Virtual | Virtual | Online | 18/12/2003 | ONLINE PUBLICATION | 124640-2001 | 06/08/2019 | 1 | 06/08/2019 | Book |